000
00207nam a2200085Ia 4500
008
120527s9999 xx 000 0 und d
100
_a
Getz, Malcom
245
_a
e. Stat for business and Economics
942
_c
BK
999
_c
27144
_d
27144